Statistics for Fast Typing - English Alphabet

Click here to take the quiz!

General Stats

  • This quiz has been taken 1,698 times
  • The average score is 23 of 26

Answer Stats

HintAnswer% Correct
A
100%
B
98%
C
98%
D
96%
E
96%
F
96%
G
95%
H
95%
I
93%
J
92%
K
91%
L
91%
M
91%
N
90%
O
90%
P
89%
Q
88%
R
87%
S
86%
T
85%
U
84%
V
82%
W
79%
X
77%
Y
75%
Z
74%

Score Distribution

Percentile by Number Answered

Percent of People with Each Score

Your Score History

You have not taken this quiz